Normal view
MARC view
Entry Personal Name
001 - CONTROL NUMBER
- control field: 8021
003 - CONTROL NUMBER IDENTIFIER
- control field: OSt
005 - DATE AND TIME OF LATEST TRANSACTION
- control field: 20160418171236.0
008 - FIXED-LENGTH DATA ELEMENTS
- fixed length control field: 160418|| aca||aabn | a|a d
040 ## - CATALOGING SOURCE
- Original cataloging agency: OSt
- Transcribing agency: OSt
100 ## - HEADING--PERSONAL NAME
- Personal name: Cravens, Thomas E.,
- Dates associated with a name: 1948-
670 ## - SOURCE DATA FOUND
- Source citation: Work cat.: (OSt)3595: Cravens, Thomas E., 1948-, Physics of solar system plasmas /, 1997.
